000 00402cam a22001217a 4500
008 180718b1956 xxu||||| |||| 00| 0 eng d
082 _aA81x54 In2/51/56/5
100 _aCensus of India 1951
245 _aAssam: means of livelihood and industries tables on Y-sample
260 _aDelhi
_bThe Manager of Publications
_c1956
300 _a69+p.
440 _aCensus of India 1951. Assam. Paper No. 5 of 1956
999 _c483581
_d483581